Statistics for U.S. State Capitals that are also its Largest City

Click here to take the quiz!

General Stats

  • This quiz has been taken 268 times
    (178 since last reset)
  • The average score is 14 of 18

Answer Stats

Capital % Correct
Phoenix
94%
Atlanta
93%
Boston
93%
Denver
86%
Columbus
83%
Oklahoma City
82%
Indianapolis
81%
Boise
78%
Nashville
77%
Honolulu
77%
Salt Lake City
74%
Jackson
73%
Cheyenne
69%
Providence
66%
Des Moines
66%
Columbia
66%
Charleston
62%
Little Rock
60%

Score Distribution

Percentile by Number Answered

Percent of People with Each Score

Your Score History

You have not taken this quiz since the last reset